000
00312nam a2200145Ia 4500
100
_a
Raghavan/M.P
650
_a
Ethics
942
_c
BK
366
_f
25
245
_a
Professional ethics and human values
260
_b
Sci tech
_c
2007
082
_a
303.372
_b
RAG
546
_a
ENGLISH
_c
Computers
999
_c
26478
_d
26478